International business : (Record no. 16330)

MARC details
000 -LEADER
fixed length control field 01052nam a22002774a 4500
005 - DATE AND TIME OF LATEST TRANSACTION
control field 20080310071752.0
008 - FIXED-LENGTH DATA ELEMENTS--GENERAL INFORMATION
fixed length control field 071101s2009 maua 001 0 eng
010 ## - LCCN (DPL NO)
LC control number ENG-91197
020 ## - INTERNATIONAL STANDARD BOOK NUMBER
International Standard Book Number 9780070221796
Terms of availability 475.00
020 ## - INTERNATIONAL STANDARD BOOK NUMBER
International Standard Book Number 0070221790
035 ## - SYSTEM CONTROL NUMBER
System control number EN-74730
037 ## - SOURCE OF ACQUISITION
Source of stock number/acquisition DBAD / PUB
040 ## - CATALOGING SOURCE
Original cataloging agency dpl
Language of cataloging English
082 ## - DEWEY DECIMAL CLASSIFICATION NUMBER
Classification number 658.049
100 ## - MAIN ENTRY--PERSONAL NAME
Personal name Hill, Charles W. L.
245 ## - TITLE STATEMENT
Title International business :
Remainder of title competing in the global marketplace /
Statement of responsibility, etc by Charles W. L. Hill [and] Arun Kumar Jain
250 ## - EDITION STATEMENT
Edition statement 6th ed.
260 ## - PUBLICATION, DISTRIBUTION, ETC. (IMPRINT)
Place of publication, distribution, etc New Delhi
Name of publisher, distributor, etc Tata McGraw-Hill Publishing
Date of publication, distribution, etc 2009.
300 ## - PHYSICAL DESCRIPTION
Extent xxv, 942 p. :
Other physical details ill. ;
Dimensions 29 cm(pbk)
500 ## - GENERAL NOTE
General note Includes cases, glossary and index.
650 ## - SUBJECT ADDED ENTRY--TOPICAL TERM
Topical term or geographic name as entry element International business enterprises
General subdivision Management.
650 ## - SUBJECT ADDED ENTRY--TOPICAL TERM
Topical term or geographic name as entry element Competition, International.
700 ## - ADDED ENTRY--PERSONAL NAME
Personal name Jain, Arun Kumar
942 ## - ADDED ENTRY ELEMENTS (KOHA)
Source of classification or shelving scheme Dewey Decimal Classification
Item type English Books
Classification part 658.049
Call number suffix HIL
Holdings
Withdrawn status Lost status Source of classification or shelving scheme Damaged status Not for loan Collection code Home library Current library Date acquired Cost, normal purchase price Total Checkouts Full call number Barcode Date last seen Copy number Cost, replacement price Koha item type
    Dewey Decimal Classification   Not For Loan Non-fiction D.B.Act.Division D.B.Act.Division 07/10/2008 475.00   658.049 HIL EN-74730 07/10/2008 1 475.00 English Books

© Delhi Public Library
Hit Counter
free hit counter